00474 2200181 4500001002100000008004100021035002000062245008100082100001900163250000600182260003200188300001200220084001400232082000800246650001400254990001200268990001200280INLIS000000000001136 ind  a0010-0524000371 aKeajaiban Berbakti Kepada Orang Tua dan Bahaya MendurhakainyacImam Turmudzi aTurmudzi, Imam a1 aJakarta :bDiva Mediac2015 a128 hlm a200 IMA k a200 aNon Fiksi a0744114 a0744115